<?xml version="1.0" encoding="UTF-8"?>
<record
    xmlns:xsi="http://www.w3.org/2001/XMLSchema-instance"
    xsi:schemaLocation="http://www.loc.gov/MARC21/slim http://www.loc.gov/standards/marcxml/schema/MARC21slim.xsd"
    xmlns="http://www.loc.gov/MARC21/slim">

  <leader>01775nam a22001577a 4500</leader>
  <datafield tag="999" ind1=" " ind2=" ">
    <subfield code="c">518449</subfield>
    <subfield code="d">518449</subfield>
  </datafield>
  <controlfield tag="008">210924b           ||||| |||| 00| 0 eng d</controlfield>
  <datafield tag="100" ind1=" " ind2=" ">
    <subfield code="a">Resch, B., Hoyer, P. and Steyaert, C. </subfield>
    <subfield code="9">29485</subfield>
  </datafield>
  <datafield tag="245" ind1=" " ind2=" ">
    <subfield code="a">Affective control in new collaborative work: Communal fantasies of purpose, growth and belonging</subfield>
  </datafield>
  <datafield tag="260" ind1=" " ind2=" ">
    <subfield code="a">Organization Studies  </subfield>
  </datafield>
  <datafield tag="300" ind1=" " ind2=" ">
    <subfield code="a">42(5), May, 2021: p.787-809</subfield>
  </datafield>
  <datafield tag="520" ind1=" " ind2=" ">
    <subfield code="a">We examine the increasing popularity of collaborative work to understand the consequences of these practices for organizational control. Applying a Lacanian framework, we pay attention to how this (re-)emerging trend of collaborative work is underpinned by affect-laden fantasies of community-driven co-creation. Based on a multi-source study design to explore collaborative work, we identified three interrelated fantasies that arouse passionate attachments to collaborative community involvement: a spiritual fantasy of &#x2018;purpose&#x2019;, an entrepreneurial fantasy of &#x2018;growth&#x2019; and a tribal fantasy of &#x2018;belonging&#x2019;. To preserve the relevance of Lacan&#x2019;s thought for the inquiry of distributed, post-heroic and post-hierarchical work practice, we propose the notion of &#x2018;communal Other&#x2019;. This notion provides insights into the unfolding of control through the fantasmatic desire for wholeness by working in collaborative communities. Conceptually, we theorize how tensions between the paradoxical enjoyment of pleasure and pain &#x2013; what Lacan called &#x2018;jouissance&#x2019; &#x2013; highlight the central importance of affective control in collaborative work. &#x2013; Reproduced </subfield>
  </datafield>
  <datafield tag="650" ind1=" " ind2=" ">
    <subfield code="a">Affective control, Collaborative work, Community, fantasy, Jouissance, Lacan, Paradoxical tension</subfield>
    <subfield code="9">27624</subfield>
  </datafield>
  <datafield tag="773" ind1=" " ind2=" ">
    <subfield code="a">Organization Studies </subfield>
  </datafield>
  <datafield tag="906" ind1=" " ind2=" ">
    <subfield code="a">INSTITUTIONAL MANAGEMENT</subfield>
  </datafield>
  <datafield tag="942" ind1=" " ind2=" ">
    <subfield code="c">AR</subfield>
  </datafield>
  <datafield tag="952" ind1=" " ind2=" ">
    <subfield code="0">0</subfield>
    <subfield code="1">0</subfield>
    <subfield code="2">ddc</subfield>
    <subfield code="4">0</subfield>
    <subfield code="7">0</subfield>
    <subfield code="9">392528</subfield>
    <subfield code="a">IIPA</subfield>
    <subfield code="b">IIPA</subfield>
    <subfield code="d">2021-09-24</subfield>
    <subfield code="h">42(5), May, 2021: p.787-809</subfield>
    <subfield code="p">AR125593</subfield>
    <subfield code="r">2021-09-24</subfield>
    <subfield code="y">AR</subfield>
  </datafield>
</record>
